| 000 | 01297nam a2200325Ia 4500 | ||
|---|---|---|---|
| 001 | ebr10150452 | ||
| 003 | CaPaEBR | ||
| 006 | m u | ||
| 007 | cr cn||||||||| | ||
| 008 | 050510s2006 nyua sb 001 0 eng d | ||
| 010 | _z 2005046288 | ||
| 020 | _z1403971137 | ||
| 040 |
_aCaPaEBR _cCaPaEBR |
||
| 035 | _a(OCoLC)191934109 | ||
| 050 | 1 | 4 |
_aP96.I73 _bL43 2006eb |
| 082 | 0 | 4 |
_a070.4/4995670443 _222 |
| 245 | 0 | 0 |
_aLeading to the 2003 Iraq war _h[electronic resource] : _bthe global media debate / _cedited by Alexander G. Nikolaev and Ernest A. Hakanen. |
| 250 | _a1st ed. | ||
| 260 |
_aNew York : _bPalgrave Macmillan, _cc2006. |
||
| 300 |
_avi, 283 p. : _bill. |
||
| 504 | _aIncludes bibliographical references (p. [269]-280) and index. | ||
| 533 |
_aElectronic reproduction. _bPalo Alto, Calif. : _cebrary, _d2013. _nAvailable via World Wide Web. _nAccess may be limited to ebrary affiliated libraries. |
||
| 650 | 0 |
_aIraq War, 2003-2011 _xMass media and the war. |
|
| 651 | 0 |
_aIraq _xHistory _y2003- |
|
| 655 | 7 |
_aElectronic books. _2local |
|
| 700 | 1 | _aNikolaev, Alexander G. | |
| 700 | 1 | _aHakanen, Ernest A. | |
| 710 | 2 | _aebrary, Inc. | |
| 856 | 4 | 0 |
_uhttp://site.ebrary.com/lib/rucke/Doc?id=10150452 _zAn electronic book accessible through the World Wide Web; click to view |
| 999 |
_c202948 _d202948 |
||